| 000 | 00618nam a2200217Ia 4500 | ||
|---|---|---|---|
| 003 | GCL | ||
| 008 | 140319s9999 xx 000 0 ara d | ||
| 040 |
_aGCL / _cGCL |
||
| 082 | 0 | 4 |
_a923.1 _bو م |
| 100 | 1 | _aد. هبغود | |
| 245 | 1 | 0 |
_aمن قتل نابليون / _cد. هبغود |
| 700 | 1 | _aاحمد حسن لولة | |
| 700 | 1 | _aوايدر, بن | |
| 260 |
_aبيروت : _bدار العلوم العربية ، _c1992 |
||
| 300 | _a240 ص | ||
| 490 | _a | ||
| 650 | 0 | 4 | _aفرنسا |
| 650 | 0 | 4 | _aنابليون بونابرت |
| 650 | 0 | 4 | _aتاريخ الثورة الفرنسية |
| 942 |
_2ddc _cBK |
||
| 999 |
_c38769 _d38769 |
||